000 00766nam a2200205Ia 4500
003 GCL
008 140319s9999 xx 000 0 ara d
040 _aGCL /
_cGCL
082 0 4 _a519.86
_bا ط
100 1 _aالسيد عبدالستار المليجى
245 1 0 _aالطرق العلمية لضبط الجودة فى مصانع البلاستيك /
_cالسيد عبدالستار المليجى
700 1 _aالمركز العلمى للبحوث والدراسات
260 _a[S.N] :
_bدار الوفاء للطباعة والنشر والتوزيع ،
_c1988
300 _a119 ص
490 _aالمكتبة الصناعية
_v0
650 0 4 _aالصناعة
650 0 4 _aالبلاستيك
650 0 4 _aضبط الجودة
942 _2ddc
_cBK
999 _c27578
_d27578